000 00404nam a2200169Ia 4500
001 2599
003 IN-NITTTR
005 20251114232933.0
008 251113s9999||||xx |||||||||||||| ||eng||
040 _beng
040 _cIN-NITTTR
041 _aeng
082 _a378.013 C731P
100 _aCombs, Arthur W.
245 4 _aThe Professional Education of Teachers. /
_cCombs, Arthur W.
942 _2ddc
_cBK
999 _c4108
_d4108